Europejskie kluby z największą liczbą mistrzostw krajowych - Statystyki

Ogólne statystyki
  • Ten quiz został rozwiązany 69 razy
  • Średni wynik to 20 z 54
Statystyki odpowiedzi
Kraj Ilość
zdobytych
mistrzostw
Odpowiedź % Poprawnych
Hiszpania 35 Real Madryt
90%
Polska 15 Legia Warszawa
89%
Anglia 20 Manchester United
87%
Francja 11 Paris Saint-Germain
85%
Niemcy 33 Bayern Monachium
84%
Holandia 36 AFC Ajax
82%
Czechy 13 Sparta Praga
70%
Ukraina 16 Dynamo Kijów
66%
Belgia 34 RSC Anderlecht
66%
Dania 15 KB/FC Kopenhaga
64%
Chorwacja 24 Dinamo Zagrzeb
57%
Portugalia 38 Benfica Lizbona
56%
Szkocja 55 Rangers FC
56%
Rosja 10 Spartak Moskwa
52%
Austria 32 Rapid Wiedeń
49%
Serbia 9 Crvena Zvezda
46%
Finlandia 32 HJK
46%
Szwecja 22 Malmö FF
46%
Rumunia 26 FCSB
44%
Bułgaria 31 CSKA Sofia
43%
Słowacja 13 Slovan Bratysława
43%
Węgry 34 Ferencvaros Budapeszt
41%
Białoruś 15 BATE Borysów
39%
Cypr 28 APOEL FC
38%
Liechtenstein 49 FC Vaduz
38%
Turcja 28 Fenerbahçe SK
38%
Grecja 47 Olympiakos Pireus
34%
Azerbejdżan 10 Qarabağ Ağdam
34%
Mołdawia 21 Sheriff Tyraspol
34%
Litwa 10 Žalgiris Wilno
34%
Norwegia 26 Rosenborg BK
33%
Słowenia 16 NK Maribor
31%
Kazachstan 6 FK Astana
23%
Izrael 23 Maccabi Tel Awiw
23%
Gruzja 19 Dinamo Tbilisi
21%
Irlandia 20 Shamrock Rovers
20%
Łotwa 14 Skonto Ryga
18%
Estonia 14 Flora Talinn
16%
Czarnogóra 6 Budućnost Podgorica
13%
Islandia 27 KR
11%
Gibraltar 9 Lincoln Red Imps
11%
Walia 15 The New Saints
11%
Bośnia i Hercegowina 8 Zrinjski Mostar
11%
Andora 13 FC Santa Coloma
10%
Szwajcaria 27 Grasshopper Club
10%
Irlandia Północna 56 Linfield
8%
Armenia 12 Piunik Erywań
8%
Macedonia Północna 11 Wardar Skopje
8%
Kosowo 7 FC Prisztina
7%
Albania 26 KF Tirana
7%
Wyspy Owcze 24 HB Torshavn
5%
San Marino 8 Tre Fiori
5%
Luksemburg 28 Jeunesse Esch
3%
Malta 26 Sliema Wanderers FC/Floriana FC
2%
Nie znaleziono quizów pasujących do podanych kryteriów
Rozkład punktacji
Procent ludzi z każdym wynikiem
Percentyl według liczby udzielonych odpowiedzi
Twoja historia wyników
Nie rozwiązałeś tego quizu